The African textbook of clinical psychiatry and mental health / (Record no. 115469)

MARC details
000 -LEADER
fixed length control field 00948nam a2200313Ia 4500
008 - FIXED-LENGTH DATA ELEMENTS--GENERAL INFORMATION
fixed length control field
020 ## - INTERNATIONAL STANDARD BOOK NUMBER
International Standard Book Number 9966874712 (pbk.)
050 00 - LIBRARY OF CONGRESS CALL NUMBER
Classification number RC454
Item number NDE
003 - CONTROL NUMBER IDENTIFIER
control field
005 - DATE AND TIME OF LATEST TRANSACTION
control field 20230120204015.0
040 ## - CATALOGING SOURCE
Transcribing agency NUST
049 ## - LOCAL HOLDINGS (OCLC)
Holding library MAIN
100 1# - MAIN ENTRY--PERSONAL NAME
Personal name Ndetei, David Musyimi.
245 14 - TITLE STATEMENT
Title The African textbook of clinical psychiatry and mental health /
Statement of responsibility, etc. David Musyimi Ndetei.
246 18 - VARYING FORM OF TITLE
Title proper/short title Clinical psychiatry and mental health.
260 ## - PUBLICATION, DISTRIBUTION, ETC.
Place of publication, distribution, etc. Nairobi :
Name of publisher, distributor, etc. AMREF,
Date of publication, distribution, etc. c2006.
300 ## - PHYSICAL DESCRIPTION
Extent xv, 602 p. :
Other physical details ill. ;
Dimensions 30 cm.
500 ## - GENERAL NOTE
General note Includes index.
504 ## - BIBLIOGRAPHY, ETC. NOTE
Bibliography, etc. note Includes bibliographical references.
650 #0 - SUBJECT ADDED ENTRY--TOPICAL TERM
Topical term or geographic name entry element Psychiatry
Form subdivision Textbooks.
650 #0 - SUBJECT ADDED ENTRY--TOPICAL TERM
Topical term or geographic name entry element Psychiatry
Geographic subdivision Africa
Form subdivision Textbooks.
650 #2 - SUBJECT ADDED ENTRY--TOPICAL TERM
Topical term or geographic name entry element Mental Disorders.
700 1# - ADDED ENTRY--PERSONAL NAME
Personal name Szabo, Christopher P.
700 1# - ADDED ENTRY--PERSONAL NAME
Personal name Okasha, Tarek.
700 1# - ADDED ENTRY--PERSONAL NAME
Personal name Mburu, John.
700 1# - ADDED ENTRY--PERSONAL NAME
Personal name Gakinya, Benson.
907 ## - LOCAL DATA ELEMENT G, LDG (RLIN)
a .b10264000
b 08-04-13
c 25-06-09
942 ## - ADDED ENTRY ELEMENTS (KOHA)
Koha item type Ordinary Loan Books
Holdings
Date last seen Total Checkouts Full call number Barcode Cost, replacement price Price effective from Koha item type Lost status Source of classification or shelving scheme Damaged status Not for loan Collection Withdrawn status Home library Current library Shelving location Date acquired Cost, normal purchase price
01/20/2023 1 RC454 NDE 92004011105 80.00 01/20/2023 BOOKS   LCC     NFIC   Medical Medical GEN 01/20/2023 80.00